Harry Potter Characters - Statistics

General Stats
  • This quiz has been taken 67 times
  • The average score is 87 of 125
Answer Stats
Description Actor/Actress Answer % Correct
The Boy Who Lived (Titular Character) Daniel Radcliffe Harry Potter
100%
Other Best Friend Of ^/Main Character #3 Emma Watson Hermione Granger
98%
Best Friend Of ^/Main Character #2 Rupert Grint Ron Weasley
98%
Harry Potter's Rival Tom Felton Draco Malfoy
96%
Twin Brother Of The Wealsey Family Oliver Phelps George Weasley
96%
He-Who-Must-Not-Be-Named/Main Antagonist Ralph Fiennes Lord Voldemort
96%
Headmaster Of Hogwarts Richard Harris/Michael Gambon Albus Dumbledore
95%
Twin Brother Of The Wealsey Family James Phelps Fred Weasley
95%
Professor Of Potions And The Head Of Slytherin House Alan Rickman Severus Snape
95%
House-Elf Who Used To Serve The Malfoy Family Toby Jones Dobby
93%
Youngest Weasley And Harry Potter's Wife Bonnie Wright Ginny Weasley
93%
Father Of Draco Malfoy Jason Isaacs Lucius Malfoy
93%
Keeper Of Keys And Grounds At Hogwarts Robbie Coltrane Rubeus Hagrid
93%
Harry Potter's Godfather Gary Oldman Sirius Black
93%
Death Eater And The Cousin Of Sirius Black Helena Bonham Carter Bellatrix Lestrange
91%
Hufflepuff Student And Friend Of Harry Potter Who Competed In The Triwizard Tournament Robert Pattinson Cedric Diggory
91%
Harry Potter's Owl Hedwig
91%
Student Of Ravenclaw House Who Is Able To See Thestrals Evanna Lynch Luna Lovegood
91%
Member Of The Order Of The Phoenix Who Has A Magical Eye Brendan Gleeson Alastor "Mad-Eye" Moody
89%
Father Of The Weasley Family Mark Williams Arthur Weasley
89%
Professor Of Transfiguration And The Head Of Gryffindor House Maggie Smith Minerva McGonagall
89%
Mother Of The Weasley Family Julie Walters Molly Weasley
89%
Student Of Gryffindor House Who Seems To Always Have Bad Luck Matthew Lewis Neville Longbottom
89%
Third Oldest Child Of The Weasley Family Chris Rankin Percy Weasley
89%
Former Friend Of Sirius Black And Remus Lupin Who Sold Harry Potter's Parents To Voldemort Timothy Spall Peter Pettigrew
89%
Oldest Child Of The Weasley Family Domhnall Gleeson Bill Weasley
88%
^'s Wife And A Member Of The Order Of The Phoenix Natalia Tena Nymphadora Tonks
88%
Innkeeper At The Leaky Cauldron Jim Tavaré Tom
88%
Second Oldest Child Of The Weasley Family Charlie Weasley
86%
Student In Ravenclaw And Harry Potter's Former Love Interest Katie Leung Cho Chang
86%
Champion Who Represented Beauxbatons In The Triwizard Tournament Clémence Poésy Fleur Delacour
86%
Former Defense Against The Dark Arts Teacher Who Is A Werewolf David Thewlis Remus Lupin
86%
Champion Who Represented Drumstrang In The Triwizard Tournament Stanislav Ianevski Viktor Krum
86%
Ministry Of Magic Bureaucrat Who Briefly Takes Over As The Headmaster Hogwarts Imelda Staunton Dolores Umbridge
84%
Muggle Cousin Of Harry Potter Harry Melling Dudley Dursley
84%
One Of Malfoy's Minions Josh Herdman Gregory Goyle
84%
Mother Of Draco Malfoy Helen McCrory Narcissa Malfoy
84%
Muggle Aunt Of Harry Potter Fiona Shaw Petunia Dursley
84%
Muggle Uncle Of Harry Potter Richard Griffiths Vernon Dursley
84%
Flamboyant Defense Against The Dark Arts Teacher Who Lost All His Memories Kenneth Branagh Gilderoy Lockhart
82%
Student Of Gryffindor House Who Often Blows Things Up With His Spells Devon Murray Seamus Finnigan
82%
One Of Malfoy's Minions Jamie Waylett Vincent Crabbe
82%
Student Of Gryffindor House Who Dated Ginny Weasley For A Time Alfred Enoch Dean Thomas
80%
Professor Of Charms And The Head Of Ravenclaw House Warwick Davis Filius Flitwick
80%
Father Of Harry Potter Robbie Jarvis James Potter
80%
Mother Of Harry Potter Geraldine Somerville Lilly Potter
80%
Hogwarts Caretaker David Bradley Argus Filch
79%
^'s Cat Mrs. Norris
79%
Student In Gryffindor Who Constantly Taking Pictures Of Harry Potter Hugh Mitchell Colin Creevey
77%
Student In Gryffindor And Ron Weasley's Ex-Girlfriend Jessie Cave Lavender Brown
77%
Captain Of The Gryffindor Quidditch Team Sean Biggerstaff Oliver Wood
77%
One Of Malfoy's Minions Scarlett Byrne Pansy Parkinson
77%
Professor Of Herbology And The Head Of Hufflepuff House Miriam Margolyes Pomona Sprout
77%
Minister Of Magic Robert Hardy Cornelius Fudge
75%
Sister Of ^ Angelica Mandy Gabrielle Delacour
75%
Student In Gryffindor And Ron Weasley's Date To The Yule Ball Afshan Azad Padma Patil
75%
Hogwarts Nurse Gemma Jones Poppy Pomfrey
75%
Journalist For The Daily Prophet Miranda Richardson Rita Skeeter
75%
Owner Of His Own Wand Shop In Diagon Alley John Hurt Garrick Ollivander
73%
Goblin Who Worked In Gringotts Warwick Davis Griphook
73%
Headmaster Of Drumstrang Predrag Bjelac Igor Karkaroff
73%
Stuttering Defense Against The Dark Arts Teacher Who Secretly Hosted Voldemort Ian Hart Quirinus Quirrell
73%
^'s FULL Muggle Name Christian Coulson Tom Riddle
73%
Headmistress Of Beauxbatons Frances De La Tour Olympe Maxime
71%
Death Eater Who Impersonated Moody In Order To Enter Harry Potter In The Triwizard Tournament David Tennant Barty Crouch Jr.
70%
Potion Master At Hogwarts For Over Fifty Years Before Retiring Jim Broadbent Horace Slughorn
70%
Professor Of Divination At Hogwarts Emma Thompson Sybill Trelawney
70%
Father Of Luna Lovegood Rhys Ifans Xenophilius Lovegood
70%
Student In Gryffindor And Harry Potter's Date To The Yule Ball Shefali Chowdhury Parvati Patil
68%
Father Of Cedric Diggory Jeff Rawle Amos Diggory
66%
Founder Of Hogwarts Helga Hufflepuff
66%
Black Family's House-Elf Simon McBurney Kreacher
66%
Captain Of The Slytherin Quidditch Team Jamie Yeates Marcus Flint
66%
Flying Instructor At Hogwarts Zoë Wanamaker Rolanda Hooch
66%
Replacement Of ^ Bill Nighy Rufus Scrimgeour
66%
Younger Brother Of Albus Dumbledore Ciarán Hinds Aberforth Dumbledore
64%
Founder Of Hogwarts Godric Gryffindor
64%
Sister Of Harry Potter's Uncle Who He "Blows Up" Pam Ferris Marge Dursley
64%
Ghost Of The Girls Bathroom Who Is Always Upset Shirley Henderson Moaning Myrtle
64%
Lord Voldemort's Pet Snake Nagini
64%
Founder Of Hogwarts Rowena Ravenclaw
64%
Father Of ^ Roger Lloyd Pack Barty Crouch Sr.
63%
Hermione's Cat Crookshanks
63%
Ministry Of Magic Auror And A Member Of The Order Of The Phoenix George Harris Kingsley Shacklebolt
63%
Founder Of Hogwarts Salazar Slytherin
63%
Conductor On The Knight Bus Lee Ingleby Stan Shunpike
63%
Middle Child Of Harry And Ginny Arthur Bowen Albus Severus Potter
61%
Giant Dog With Three Heads Fluffy
61%
Ron's Pet Rat Who Turned Out To Be Peter Pettigrew Scabbers
61%
Girl In Hufflepuff Eleanor Columbus Susan Bones
61%
Giant Acromantula That Was Once Hagrid's Pet Julian Glover Aragog
59%
Hippogriff That Was Sentenced To Death For Injuring Malfoy, Later Was Rescued. Buckbeak
57%
Hagrid's Dog Fang
57%
Dumbledore's Phoenix Fawkes
57%
Werewolf Bounty Hunter Dave Legeno Fenrir Greyback
57%
Student In Hufflepuff Who Was A Victim Of The Basilisk Attacks During Harry Potter's Second Year Edward Randell Justin Finch-Fletchley
57%
Student In Gryffindor Who Has A Huge Crush On Harry Potter Anna Shaffer Romilda Vane
57%
Talking Hat That Sorts The Hogwarts Students Into Their Houses Leslie Phillips Sorting Hat
57%
Boy In Ravenclaw Rob Knox Marcus Belby
55%
Hagrid's Pet Dragon For About 2 Minutes Norbert
55%
Daughter Of Ron And Hermione Helena Barlow Rose Granger-Weasley
55%
Driver Of The Knight Bus Jimmy Gardner Ernie Prang
54%
The Weasley's Clumsy Owl Errol
54%
Son Of Ron And Hermione Ryan Turner Hugo Granger-Weasley
52%
Oldest Child Of Harry And Ginny Will Dunn James Sirius Potter
52%
Youngest Child Of Harry And Ginny Daphne De Beistegui Lily Luna Potter
52%
Neville's Toad Who Always Get's Lost Trevor
52%
Professor Of Muggle Studies At Hogwarts Carolyn Pickles Charity Burbage
50%
Professor Of The History Of Magic At Hogwarts Cuthbert Binns
50%
Gardener Of The Riddle House Eric Sykes Frank Bryce
50%
Neighbor Of The Dursley's Who Was Tasked To Watch Harry Under Dumbledore's Instructions Kathryn Hunter Mrs. Figg
48%
Professor Of Astronomy At Hogwarts Natalie Hallam Aurora Sinistra
46%
Half-Brother Of Hagrid Tony Maudsley Grawp
46%
Ghost At Hogwarts Who Is "Nearly Headless" John Cleese Nearly Headless Nick
46%
Creator Of The Philosophers/Sorcerers Stone Nicolas Flamel
45%
Bulldog Of Aunt Marge Ripper
38%
Student In Gryffindor Who Is A Member Of The "Big In The Ministry" Family Freddie Stroma Cormac McLaggen
36%
Member Of The Order Of The Phoenix And A Close Friend Of Albus Dumbledore David Ryall Elphias Doge
34%
Rich Man Who Vernon Tried To Get A Big Drill Order From Jim Norton Mr. Mason
30%
Wife Of ^ Veronica Clifford Mrs. Mason
30%
Ministry Of Magic Offical Guy Henry Pius Thicknesse
25%
Dark Wizard And A Death Eater Peter Mullan Corban Yaxley
23%
Professor Of Ancient Runes At Hogwarts Bathsheda Babbling
21%
One Of Malfoy's Minions Bronson Webb Pike
14%
Shrunken Head With Jamaican Accent That Helps Ernie Drive The Knight Bus Lenny Henry Dre Head
7%
No matching quizzes found
Score Distribution
Percent of People with Each Score
Percentile by Number Answered
Your Score History
You have not taken this quiz